Star Wars Characters By Letter - B - Statistics

General Stats
  • This quiz has been taken 111 times
  • The average score is 11 of 16
Answer Stats
Picture Answer % Correct
BB-8
100%
Boba Fett
98%
Boss Nass
85%
Bib Fortuna
81%
Bail Organa
80%
Bo-Katan Kryze
79%
Bossk
78%
Beru Lars
75%
Barriss Offee
74%
Biggs Darklighter
67%
Babu Frik
59%
Baze Malbus
56%
Bodhi Rook
56%
Baylan Skoll
51%
Bendu
48%
Bix Caleen
29%
No matching quizzes found
Score Distribution
Percent of People with Each Score
Percentile by Number Answered
Your Score History
You have not taken this quiz